000 01991nam a22002417a 4500
003 GR-AtMCL
005 20250827105631.0
006 a|||||r|||||||||||
008 s2010||||gr a|||g b||| 001 gre d
020 _a9789600805390
040 _aGR-AtMCL
_bgre
_dGR-AtMCL
_eAACR2
100 _aΓεωργακή, Δώρα Σ.
_910024
245 1 0 _aΔιαχείριση ολικής ποιότητας /
_cΔ. Σ. Γεωργάκη... [κ.ά.]
260 _aΑθήνα :
_bΕκδόσεις Ι. Σιδέρης,
_c2010
300 _a864 σ. :
_bεικ. ;
_c24 εκ.
500 _aΕυρετήριο: σ. 859-864
504 _aΒιβλιογραφία: σ. 852
520 _aΣκοπός του συγγράμματος είναι η κατανόηση και υιοθέτηση της ορθής προσέγγισης της Θεωρίας της Ποιότητας που αφορά στην ενσωμάτωση της στα προϊόντα ή τις υπηρεσίες από την αρχή (built-in quality). Παρουσιάζονται, επίσης, εκτενώς, τα κατεξοχήν εργαλεία εκτίμησης και βελτίωσης της ποιότητας, όπως ο Στατιστικός Έλεγχος Διεργασιών και ο Πειραματικός Σχεδιασμός, που έχουν εφαρμοσθεί με εξαιρετική επιτυχία σε πολλούς οργανισμούς. Η Διαχείριση Ολικής Ποιότητας αποτελεί τις συντεταγμένες στο ταξίδι ενός οργανισμού προς την αριστεία και διασφαλίζει τη μέγιστη δυνατή ορατότητα και διαφάνεια στις σχέσεις του με το κοινωνικό σύνολο.
650 0 0 _aΔιοίκηση Επιχειρήσεων
_99939
650 0 0 _aΔιοίκηση ολικής ποιότητας
_910025
942 _cBK
999 _c9896
_d9896